[Event "Tenerife-chT Primera 1819"]
[Site "Tenerife"]
[Date "2019.02.16"]
[Round "8.4"]
[White "Cortes Cardenas, Giovanni"]
[Black "Marin Dorta, Alejandro"]
[Result "0-1"]
[WhiteElo "1437"]
[BlackElo "1551"]
[PlyCount "105"]
[EventDate "2018.11.24"]
[EventType "team-tourn"]
[EventRounds "14"]
[EventCountry "ESP"]
[SourceTitle "CBM 189 Extra"]
[Source "ChessBase"]
[SourceDate "2019.06.03"]
[SourceVersion "1"]
[SourceVersionDate "2019.06.03"]
[SourceQuality "1"]
[WhiteTeam "Al Shah Mat Los Realejos"]
[BlackTeam "Ebano Barrio Nuevo"]
[WhiteTeamCountry "ESP"]
[BlackTeamCountry "ESP"]

1. d4 Nf6 2. c4 g6 3. Nc3 Bg7 4. Nf3 d6 5. e4 0-0 6. Bd3 e5 7. d5 a5 8. Bg5 h6 9. Bxf6 Qxf6 10. h3 Na6 11. Rc1 Qe7 12. 0-0 f5 13. exf5 gxf5 14. Nh2 e4 15. Be2 Kh7 16. Kh1 Rg8 17. Rg1 Be5 18. Qd2 Qh4 19. Qe1 Nc5 20. Nf1 f4 21. f3 Qxe1 22. Rxe1 Bd4 23. Nd2 Bxg1 24. Rxg1 exf3 25. Bxf3 Re8 26. Nde4 Nxe4 27. Nxe4 Kg7 28. a4 Bf5 29. Nc3 Re7 30. Nb5 Rae8 31. Nd4 Kf6 32. Bh5 Rg8 33. Rf1 Re4 34. Ne2 Ke5 35. Rc1 c6 36. dxc6 bxc6 37. b3 Re3 38. Rc3 Rxc3 39. Nxc3 Rg3 40. Bf3 Bc2 41. Ne2 Rg8 42. Bxc6 Bxb3 43. Bb5 Rc8 44. Nc1 Bxc4 45. Bd7 Rc7 46. Bg4 Kd4 47. Kg1 Ke3 48. Bf5 Kd2 49. Kf2 Kxc1 50. Kf3 Rf7 51. Bc8 Bb3 52. Ke4 Bxa4 53. Kd5 0-1

[Event "Tenerife-chT Segunda-A 1819"]
[Site "Tenerife"]
[Date "2019.02.09"]
[Round "7.1"]
[White "Hernandez Fernandez, Pablo"]
[Black "Marin Dorta, Alejandro"]
[Result "1/2-1/2"]
[WhiteElo "1548"]
[BlackElo "1551"]
[PlyCount "36"]
[EventDate "2018.11.24"]
[EventType "team-tourn"]
[EventRounds "14"]
[EventCountry "ESP"]
[SourceTitle "CBM 189 Extra"]
[Source "ChessBase"]
[SourceDate "2019.06.03"]
[SourceVersion "1"]
[SourceVersionDate "2019.06.03"]
[SourceQuality "1"]
[WhiteTeam "El Sauzal Libreria Barco"]
[BlackTeam "Ebano Barrio Nuevo II"]
[WhiteTeamCountry "ESP"]
[BlackTeamCountry "ESP"]

1. c4 Nf6 2. Nc3 g6 3. g3 Bg7 4. Bg2 0-0 5. Nf3 d6 6. 0-0 c6 7. d4 Nbd7 8. Qc2 Qc7 9. Rd1 e5 10. dxe5 dxe5 11. b3 Re8 12. Bb2 Nc5 13. e4 a5 14. Ba3 Bf8 15. Bb2 b6 16. Ne1 Ne6 17. Ne2 Bg7 18. Rd2 Nd7 1/2-1/2